Villes européennes par définition (facile) - Statistiques

Statistiques générales
  • Ce quiz a été pris 62 fois
  • Le résultat moyen est 8 sur 10
Statistiques - réponses
Description
Ville
% Correct
Ville cosmopolite où se croisent la monarchie, Shakespeare et la pop culture. Londres
98%
Connue pour ses canaux, ses musées et ses vélos. Amsterdam
96%
Ancienne ville divisée par le Mur, elle incarne aujourd’hui un symbole de liberté, d’histoire et d’avant-garde artistique. Berlin
96%
Ancienne capitale de l’Empire romain, elle regorge de vestiges antiques comme le Colisée et le Panthéon. Rome
96%
Capitale impériale de la musique classique, de Mozart à Strauss. Vienne
91%
Berceau de la démocratie et de la philosophie occidentale. Athènes
88%
Célèbre pour les œuvres de Gaudí et son ambiance méditerranéenne vibrante. Barcelone
86%
Surnommée la "Perle du Danube", mêlant bains thermaux et architecture grandiose. Budapest
74%
Ville aux sept collines baignée de lumière, bercée par le fado. Lisbonne
63%
Ville de Kafka au charme médiéval intact, traversée par la Vltava. Prague
47%
Aucun quiz correspondant
Distribution des résultats
% des personnes avec chaque résultat
Percentile par nombre de réponses
Votre historique - résultats
Vous n’avez pas pris ce quiz